El sistema econm̤ico Neoliberal Peruano y su influencia en la produccin̤ del Crimen

Detalles Bibliográficos
Autor principal: Leyva, Luis Moises
Formato: eBook
Lenguaje:español
Materias:
Acceso en línea:Acceso restringido

MARC

LEADER 00000nam a22000007a 4500
005 20210419222528.0
007 cr|||| ||||
008 210419s2021 pe |||||s|||| 00||0 spa d
020 |a 978-612-00-5567-0 
035 |a 33162 
040 |a vLex 
090 |c 11471  |d 11471 
100 1 |a Leyva, Luis Moises 
245 1 2 |a El sistema econm̤ico Neoliberal Peruano y su influencia en la produccin̤ del Crimen  |h [Recurso electrn̤ico] /  |c Luis Moises Leyva 
256 |a Servicio en ln̕ea 
300 |a 1 recurso electrn̤ico 
500 |a La criminalidad constituye uno de los primeros problemas que destacan en toda sociedad, y la asignacin̤ y distribucin̤ de los recursos son cada vez ms̀ desiguales, ¿coincidencia?. En este libro podrs̀ encontrar esta relacin̤ que une al sistema econm̤ico neoliberal que viene desarrollǹdose en Per ︢y que interfiere como principal causante de la produccin̤ de criminalidad a nivel general. 
506 1 |a Disponible solo en los productos indicados  |d vLex Global  |d vLex Global (Academic Edition, excluding Law Schools)  |d vLex Global (U.S. Academic Edition, Law Schools)  |d vLex Global (U.S. Academic Edition, excluding Law Schools)  |d vLex Global (Academic Edition, Law Schools) 
650 0 4 |a Derecho Penal  |z Per︢ 
740 0 |a vLex Libros (Servicio en ln̕ea) 
856 4 0 |u https://vlex.com/source/sistema-economico-neoliberal-peruano-y-su-influencia-en-la-produccion-del-crimen-33162  |z Acceso restringido 
942 |c BOOK 
999 0 |a Criminal law